000 00239 a2200109 4500
000 nam a22 7a 4500
005 20260218113527.0
245 _aQualitative research
250 _a6th
260 _bSage publisher
_c2025
942 _cTB
999 _c1679942
_d1679942